Actas de Derecho Industrial y Derecho de Autor XL (2019-2020)

Bibliographic Details
Format: eBook
Language:Spanish
Published: Madrid: Marcial Pons, 2020
Subjects:
Online Access:Acceso restringido

MARC

LEADER 00000nam a22000007a 4500
005 2021053108198.0
007 cr|||| ||||
008 210531s2020 es |||||s|||| 00||0 spa d
020 |a 1139-3289 
035 |a 33689 
040 |a vLex 
090 |c 11768  |d 11768 
245 0 0 |a Actas de Derecho Industrial y Derecho de Autor XL (2019-2020)  |h [Recurso electrn̤ico] / 
256 |a Servicio en ln̕ea 
260 |a Madrid:  |b Marcial Pons,  |c 2020 
300 |a 1 recurso electrn̤ico 
506 1 |a Disponible solo en los productos indicados  |d vLex Global  |d vLex Global (Academic Edition, excluding Law Schools)  |d vLex Global (U.S. Academic Edition, Law Schools)  |d vLex Global (U.S. Academic Edition, excluding Law Schools)  |d vLex Global (Academic Edition, Law Schools) 
650 0 4 |a Derecho Mercantil y de la Empresa  |z Espaą 
650 0 4 |a Propiedad Industrial  |z Espaą 
650 0 4 |a Propiedad Intelectual  |z Espaą 
740 0 |a vLex Libros (Servicio en ln̕ea) 
856 4 0 |u https://vlex.com/source/actas-derecho-industrial-derecho-autor-xl-33689  |z Acceso restringido 
942 |c BOOK 
999 0 |a Commercial and Company Law 
999 0 |a Industrial Property 
999 0 |a Intellectual Property